00470 2200169 4500001002100000005001500021008004100036020002200077035001900099041000700118082001200125090001800137100003400155245005100189260003900240300002100279INLIS00000000003213520241224133346241224||||||||| | ||| |||| || |  a978-623-04-1277-6 0010-1224032135 aid0 a297.405 a297.405 ANI c0 aAnisa Widiyarti & Orange Nira00aCerita Sunnah Sesuai Waktu - Sunnah Siang Hari aJakartabBhuana Ilmu Populerc2023 a21cm -35 Halaman